The biography of ancient Israel (Record no. 1834)
[ view plain ]
| 000 -LEADER | |
|---|---|
| fixed length control field | 01383nam a22003494a 4500 |
| 082 04 - DEWEY DECIMAL CLASSIFICATION NUMBER | |
| Classification number | 296.3/1172 |
| 100 1# - MAIN ENTRY--AUTHOR NAME | |
| Personal name | Pardes, Ilana. |
| 245 14 - TITLE STATEMENT | |
| Title | The biography of ancient Israel |
| 260 ## - PUBLICATION, DISTRIBUTION, ETC. (IMPRINT) | |
| Place of publication | Berkeley : |
| Name of publisher | University of California Press, |
| Year of publication | c2000. |
| 300 ## - PHYSICAL DESCRIPTION | |
| Number of Pages | xi, 211 p. |
| 490 1# - SERIES STATEMENT | |
| Series statement | Contraversions ; |
| 650 #0 - SUBJECT ADDED ENTRY--TOPICAL TERM | |
| Topical Term | Bible as literature. |
| Topical Term | Jewish nationalism. |
| 856 40 - ELECTRONIC LOCATION AND ACCESS | |
| Uniform Resource Identifier | http://site.ebrary.com/lib/rucke/Doc?id=5003248 |
No items available.
